000 00292nam a22001217a 4500
008 170912b xxu||||| |||| 00| 0 eng d
041 _aeng
080 _23 ED
_a53
100 _a43
101 _aFIZ
245 _aPHYSICS FOR SCIENTISTS AND ENGINEERS
_cSERWAY..R.A
942 _2udc
_cBK
999 _c27267
_d27267